Catálogo
 En Linea

Encuesta nacional de gastos e ingresos de los hogares : octubre 1997-Septiembre 1998 / (Registro nro. 25928)

Detalles MARC
000 -CABECERA
campo de control de longitud fija 01785nam a2200325 i 4500
001 - NÚMERO DE CONTROL
campo de control 000026436
003 - IDENTIFICADOR DEL NÚMERO DE CONTROL
campo de control DO-SdBNP
005 - FECHA Y HORA DE LA ÚLTIMA TRANSACCIÓN
campo de control 20240313091144.0
007 - CAMPO FIJO DE DESCRIPCIÓN FÍSICA--INFORMACIÓN GENERAL
campo de control de longitud fija ta
008 - DATOS DE LONGITUD FIJA--INFORMACIÓN GENERAL
campo de control de longitud fija 110317s1999 dr a r 001 0 spa d
040 ## - FUENTE DE LA CATALOGACIÓN
Centro catalogador/agencia de origen DO-SdBNP
Lengua de catalogación spa
Centro/agencia transcriptor BNPHU
Normas de descripción rda
082 #4 - NÚMERO DE LA CLASIFICACIÓN DECIMAL DEWEY
Número de clasificación 339.47
Número de documento/Ítem E56n, 1999
Número de edición 22
245 00 - MENCIÓN DE TÍTULO
Título Encuesta nacional de gastos e ingresos de los hogares : octubre 1997-Septiembre 1998 /
Mención de responsabilidad, etc. Banco Central de la República Dominicana, Departamento de Cuentas Nacionales y Estadísticas Económicas.
264 #1 - PRODUCCIÓN, PUBLICACIÓN, DISTRIBUCIÓN, FABRICACIÓN Y COPYRIGHT
Producción, publicación, distribución, fabricación y copyright Santo Domingo :
Nombre del de productor, editor, distribuidor, fabricante Banco Central,
Fecha de producción, publicación, distribución, fabricación o copyright 1999.
300 ## - DESCRIPCIÓN FÍSICA
Extensión 5 volumenes :
Otras características físicas ilustraciones, gráficos ;
Dimensiones 28 cm.
336 ## - TIPO DE CONTENIDO
Fuente rdacontent
Término de tipo de contenido texto
Código de tipo de contenido txt
337 ## - TIPO DE MEDIO
Fuente rdamedia
Nombre/término del tipo de medio sin mediación
Código del tipo de medio n
338 ## - TIPO DE SOPORTE
Fuente rdacarrier
Nombre/término del tipo de soporte volumen
Código del tipo de soporte nc
500 ## - NOTA GENERAL
Nota general La biblioteca posee el v.1, v. 2 y el 5
500 ## - NOTA GENERAL
Nota general Encuesta nacional de gasto e ingresos de los hogares, octubre 1997- septiembre 1998
505 0# - NOTA DE CONTENIDO CON FORMATO
Nota de contenido con formato v. 1--
Título Metodología de la tercera encuesta nacional de gastos e ingresos de los hogares --
Información miscelánea V.2--
Título Metodología del cambio de base del índice de precios al consumidor (base enero 1999) --
Información miscelánea v.3
Título Indicadores sociales --
Información miscelánea v.4--
Título Gastos e ingresos de los hogares --
Información miscelánea v.5--
Título Situacíon de la pobreza y distribución del ingreso en la República Dominicana.
590 ## - NOTA LOCAL (RLIN)
Nota local Inventariado, 2018/BT
650 #4 - PUNTO DE ACCESO ADICIONAL DE MATERIA--TÉRMINO DE MATERIA
Término de materia o nombre geográfico como elemento de entrada Costo y nivel de vida
Subdivisión geográfica República Dominicana
Subdivisión general Estadísticas
Subdivisión cronológica 1998
9 (RLIN) 53483
650 #4 - PUNTO DE ACCESO ADICIONAL DE MATERIA--TÉRMINO DE MATERIA
Término de materia o nombre geográfico como elemento de entrada Encuestas de hogares
Subdivisión geográfica República Dominicana
Subdivisión general Estadísticas
Subdivisión cronológica 1998
9 (RLIN) 53484
650 #4 - PUNTO DE ACCESO ADICIONAL DE MATERIA--TÉRMINO DE MATERIA
Término de materia o nombre geográfico como elemento de entrada Economia doméstica
Subdivisión geográfica República Dominicana
Subdivisión general Estadísticas
Subdivisión cronológica 1998
9 (RLIN) 53485
650 #4 - PUNTO DE ACCESO ADICIONAL DE MATERIA--TÉRMINO DE MATERIA
Término de materia o nombre geográfico como elemento de entrada Precios
Subdivisión geográfica República Dominicana
Subdivisión general Estadísticas
Subdivisión cronológica 1998
9 (RLIN) 53486
650 #4 - PUNTO DE ACCESO ADICIONAL DE MATERIA--TÉRMINO DE MATERIA
Término de materia o nombre geográfico como elemento de entrada Rentas
Subdivisión geográfica República Dominicana
Subdivisión general Estadísticas
Subdivisión cronológica 1998
9 (RLIN) 53487
910 ## - DATOS DE OPCIÓN DEL USUARIO (OCLC)
Datos de opción del usuario Validado. Control de calidad. MFF
942 ## - ELEMENTOS DE PUNTO DE ACCESO ADICIONAL (KOHA)
Fuente del sistema de clasificación o colocación Dewey Decimal Classification
Tipo de ítem Koha Libro
Existencias
Estado de retiro Estado de pérdida Fuente del sistema de clasificación o colocación Restricciones de uso No para préstamo Código de colección Localización permanente Ubicación/localización actual Ubicación en estantería Fecha de adquisición Total de préstamos Signatura topográfica completa Código de barras Fecha visto por última vez Número de copia Precio válido a partir de Tipo de ítem Koha Fuente de adquisición
    Dewey Decimal Classification Excluido de préstamo   Patrimonio Dominicano Biblioteca Nacional Pedro Henríquez Ureña Biblioteca Nacional Pedro Henríquez Ureña Depósito 17.03.2011   BNPHU PD 339.47 E56n 1999 26436-10 25.06.2020 v.1 25.06.2020 Libro  
    Dewey Decimal Classification Excluido de préstamo   Patrimonio Dominicano Biblioteca Nacional Pedro Henríquez Ureña Biblioteca Nacional Pedro Henríquez Ureña Depósito 21.03.2011   BNPHU PD 339.47 E56n 1999 26436-20 25.06.2020 v.1, e.2 25.06.2020 Libro  
    Dewey Decimal Classification Excluido de préstamo   Patrimonio Dominicano Biblioteca Nacional Pedro Henríquez Ureña Biblioteca Nacional Pedro Henríquez Ureña Depósito 29.01.2014   BNPHU PD 339.47 E56n 1999 26436-40 25.06.2020 v.5 25.06.2020 Libro  
    Dewey Decimal Classification Excluido de préstamo   Patrimonio Dominicano Biblioteca Nacional Pedro Henríquez Ureña Biblioteca Nacional Pedro Henríquez Ureña Depósito 03.02.2014   BNPHU PD 339.47 E56n 1999 26436-50 25.06.2020 v.5, e.2 25.06.2020 Libro  
    Dewey Decimal Classification Préstamo en sala   Dominicana de Servicio Biblioteca Nacional Pedro Henríquez Ureña Biblioteca Nacional Pedro Henríquez Ureña Depósito 26.09.2023   BNPHU DS 339.47 E56n 1999 2023-6421 26.09.2023 v.1, e.3 26.09.2023 Libro Donación
    Dewey Decimal Classification Excluido de préstamo   Patrimonio Dominicano Biblioteca Nacional Pedro Henríquez Ureña Biblioteca Nacional Pedro Henríquez Ureña Depósito 02.07.2018   BNPHU PD 339.47 E56n 1999 2024-0500 31.01.2024 v. 2 25.06.2020 Libro CERTV
    Dewey Decimal Classification Excluido de préstamo   Patrimonio Dominicano Biblioteca Nacional Pedro Henríquez Ureña Biblioteca Nacional Pedro Henríquez Ureña Depósito 13.03.2024   BNPHU PD 339.47 E56n, 1999 2024-1402 13.03.2024 v.2, e.2 13.03.2024 Libro  

Con tecnología Koha